Niektoré možnosti zvyšovania konkurencieschopnosti inštitúcie pôsobiacej v oblasti vysokoškolského ekonomického vzdelávania v prostredí novej, digitálnej ekonomiky
Konkurenčné prostredie novej, digitálnej ekonomiky. Niektoré možnosti zvyšovania konkurencieschopnosti v oblasti vzdelávania. Tímová práca a jej formy. Vymedzenie pojmu tím. Virtuálny tím. Komunikačná a informačná technika. Efektívna videokonferencia. Porovnanie komunikačných prostriedkov. E-konkure...
Uložené v:
| Hlavný autor: | |
|---|---|
| Médium: | Kapitola |
| Jazyk: | Slovak |
| Predmet: | |
| Tagy: |
Žiadne tagy, Buďte prvý, kto otaguje tento záznam!
|
MARC
| LEADER | 00000nla$a2200000$$$4500 | ||
|---|---|---|---|
| 001 | 0072239 | ||
| 005 | 20240612070615.6 | ||
| 041 | 0 | |a slo | |
| 044 | |a SK | ||
| 245 | 1 | 0 | |a Niektoré možnosti zvyšovania konkurencieschopnosti inštitúcie pôsobiacej v oblasti vysokoškolského ekonomického vzdelávania v prostredí novej, digitálnej ekonomiky |c Anton Meteňko |
| 520 | |a Konkurenčné prostredie novej, digitálnej ekonomiky. Niektoré možnosti zvyšovania konkurencieschopnosti v oblasti vzdelávania. Tímová práca a jej formy. Vymedzenie pojmu tím. Virtuálny tím. Komunikačná a informačná technika. Efektívna videokonferencia. Porovnanie komunikačných prostriedkov. E-konkurenčné prostredie Slovenskej republiky – špecifiká v prostredí vzdelávania. Možnosti využitia moderných prostriedkov komunikácie na Podnikovohospodárskej fakulte EU so sídlom v Košiciach. | ||
| 610 | 2 | 0 | |a globalizácia |
| 610 | 2 | 0 | |a ekonomika nová |
| 610 | 2 | 0 | |a technológie komunikačné |
| 610 | 2 | 0 | |a technológie informačné |
| 610 | 2 | 0 | |a konkurencieschopnosť |
| 610 | 2 | 0 | |a spoločnosť informačná |
| 100 | 1 | |a Meteňko, Anton | |